Statistics for Yellow 22

Click here to take the quiz!

General Stats

  • This quiz has been taken 6 times
  • The average score is 12 of 22

Answer Stats

fast, briefquick% Correct
void of color "The paper is ....."white
100%
reflecting a lot of lightbright
67%
to shed tearscry
67%
to disagree, to spat or quarrelfight
67%
to take to the air; action or process of flyingflight
67%
to soarfly
67%
at a great heighthigh
67%
to express the possibility of something; tense of may "He .....go to the ballgame"might
67%
opposite of daynight
67%
to stop or halt a behavior or actionquit
67%
to exhale in an audible or exaggerated waysigh
67%
to see, the thing that one sees or spotssight
67%
upper atmosphere, the blue ....sky
67%
two timestwice
67%
who, what, when where, and .....why
67%
absolutely, completely, to a certain or fairly significant degree" He was ...certain he had left his coat on the playground"quite
33%
opposite of leftright
33%
to be timid or very reserved in the face of peopleshy
33%
to attempttry
33%
to mark on a surface typically with pen and paperwrite
33%
of high quality, a penalty as in lawfine
0%
to make one's home in a particular placelive
0%

Score Distribution

Percentile by Number Answered

Percent of People with Each Score

Your Score History

You have not taken this quiz